<?xml version="1.0" encoding="UTF-8"?>
<marc:record xmlns:marc="http://www.loc.gov/MARC21/slim">
   <marc:leader>00000nam a2200000 a 4500</marc:leader>
   <marc:datafield ind1="1" ind2=" " tag="100">
      <marc:subfield code="a">Roher, Michael</marc:subfield>
      <marc:subfield code="4">aut</marc:subfield>
      <marc:subfield code="e">Verfasser/-in</marc:subfield>
   </marc:datafield>
   <marc:datafield ind1="0" ind2="0" tag="245">
      <marc:subfield code="a">Die Geschichte von Flora, der Klimapiratin</marc:subfield>
   </marc:datafield>
   <marc:datafield ind1="0" ind2="0" tag="245">
      <marc:subfield code="c">Michael Roher</marc:subfield>
   </marc:datafield>
   <marc:datafield ind1=" " ind2="1" tag="264">
      <marc:subfield code="a">Wien</marc:subfield>
      <marc:subfield code="b">Luftschacht Verlag</marc:subfield>
      <marc:subfield code="c">2020</marc:subfield>
   </marc:datafield>
   <marc:datafield ind1="1" ind2=" " tag="520">
      <marc:subfield code="a">Seitenweise 2020 Auf die Frage, was sich eine bald Neunjährige zum Geburtstag wünscht, rechnet wohl kaum ein Vater mit der Antwort: &#x84;Die Koalas sterben aus!&#x93; Mit dieser Anklage beschreibt Flora ihre Stimmungslage und schiebt einen handgeschriebenen &#x96; im Bilderbuch als eine Art Manifest abgedruckten &#x96; Brief nach, der ungeschönt zeigt, dass den Kindern der Generation #fridaysforfuture mehr an der Zukunft liegen dürfte, als den oft immer noch beschwichtigenden Erwachsenen. Doch wer braucht die schon, wenn es eine bunt illustrierte Gruppe von Klimapirat_innen gibt, die genau wissen, was zu tun ist: Fahrradurlaub machen, demonstrieren, sich vernetzten und mit viel Energie dranbleiben, bis sogar die Eltern Teil der Bande sein wollen. Ein Bilderbuch, eine Website und eine zeitgenössische Heldin, der es &#x84;nicht egal&#x93; ist. *STUBE*</marc:subfield>
   </marc:datafield>
   <marc:datafield ind1=" " ind2=" " tag="020">
      <marc:subfield code="a">9783903081840</marc:subfield>
      <marc:subfield code="9">9783903081840</marc:subfield>
   </marc:datafield>
   <marc:datafield ind1=" " ind2=" " tag="020">
      <marc:subfield code="a">3903081841</marc:subfield>
      <marc:subfield code="9">3903081841</marc:subfield>
   </marc:datafield>
   <marc:datafield ind1=" " ind2=" " tag="300">
      <marc:subfield code="a">[28] S. : Ill.</marc:subfield>
   </marc:datafield>
</marc:record>
